Quiz Multi-Thèmes - Statistiques

Statistiques générales
  • Ce quiz a été pris 68 fois
  • Le résultat moyen est 8 sur 10
Statistiques - réponses
Question Réponse % Correct
En quelle année a eu lieu la Révolution française ? 1789
98%
Quelle planète est surnommée "la planète rouge" ?
94%
Dans quel sport utilise-t-on un "putter" ? Golf
84%
Quel chanteur est surnommé le "King of Pop" Michael Jackson
84%
Quel pays a remporté la Coupe du Monde de football en 2018 ?
81%
Qui était le premier empereur de Rome ? Auguste
73%
Qui est l'auteur du roman "1984" ? George Orwell
73%
Quel célèbre groupe de rock britannique a sorti l'album "Abbey Road" ? The Beatles
71%
Dans "Les Misérables" de Victor Hugo, comment s'appelle l'inspecteur qui poursuit Jean Valjean ? Javert
65%
Quel est l'élément chimique le plus abondant dans l'univers ? Hydrogène
51%
Aucun quiz correspondant
Distribution des résultats
% des personnes avec chaque résultat
Percentile par nombre de réponses
Votre historique - résultats
Vous n’avez pas pris ce quiz